000 00526nam a22002297a 4500
003 UA-OsUOA
001 98841
007 ta
008 20130418b un ||||| |||| 00| 0 ukr d
100 _aРомм М.
090 _a821.161.1
_bР70
942 _cBK
040 _aUA-OsUOA
_brus
_cUA-OsUOA
_dUA-OsUOA
245 _aУстные рассказы
300 _a188 с.
955 _a3
041 _arus
080 _a821.161.1
260 _aМосква
_bКиноцентр
_c1989
650 7 _2UDC
999 _c385186
_d385186